000 00649cam a2200217 4500500
005 20260405002503.0
041 _afre
042 _adc
100 1 0 _aEltchaninoff, Michel
_eauthor
245 0 0 _aFabienne Verdier/Edgar Morin. L’union des contraires
260 _c2017.
500 _a63
690 _aChine
690 _aEdgar Morin
690 _aFabienne Verdier
690 _aShaman
690 _aSimplicité
690 _aVivant
786 0 _nPhilosophie magazine | 111 | 7-8 | 2017-07-01 | p. 38-40 | 1951-1787
856 4 1 _uhttps://shs.cairn.info/magazine-philosophie-magazine-2017-7-8-page-38?lang=fr&redirect-ssocas=7080
999 _c2058120
_d2058120